000 01081naa a22002897a 4500
001 BR6700403
003 BR-BrBNA
005 20240918173316.0
007 ta
008 230509b bl.||||| |||| 00| 0 por d
040 _aBR-BrBNA
_bpor
_cBiblioteca Nacional de Agricultura
041 _a(En)
072 _aM30
_b/G514
_bGZ65
_bGZ52
090 _aM30 BR6700403
100 1 _aSioli, H.
111 1 _aSimposio sobre a Biota Amazonica
_cBelem, PA (Brazil)
_d6 Jun 1966
245 1 _aStudies in Amazonian waters [agua doce, analise quimica, analise fisica, Rio Amazonas, Brasil]
260 3 _aRio de Janeiro, GB (Brasil):
_c1967.
500 _aAtas do Simposio sobre a Biota Amazonica, v. 3: limnologia Rio de Janeiro, GB (Brasil): 1967. p. 9-50 (BR6700403-AM)M30
650 _aAGUA DOCE
650 _aANALISE QUIMICA
650 _aANALISE FISICA
650 _aRIO AMAZONAS
773 0 _tAtas do Simposio sobre a Biota Amazonica, v. 3: limnologia
_wM30 BR6700403
_gRio de Janeiro, GB (Brasil), 1967. p. 9-50
909 _a202404
_bLucia
_c55
_dLucia Elande
942 _cAM
_2AGRIS
999 _c303893
_d303893